| 000 | 01235nam a2200301 i 4500 | ||
|---|---|---|---|
| 001 | 000048279 | ||
| 003 | DO-SdBNP | ||
| 005 | 20240226184458.0 | ||
| 007 | ta | ||
| 008 | 181212s2007 dr r 000 0 spa d | ||
| 040 |
_aDO-SdBNP _bspa _cBNPHU _erda |
||
| 082 | 4 |
_a282.7293 _bI24d, 2007 _222 |
|
| 245 | 0 | 0 |
_aDocumentos de la conferencia del episcopado dominicano 1998-2006 / _ccoordinador, Luis O. Brea Franco. |
| 250 | _a2a ed. | ||
| 264 |
_aSanto Domingo : _bBanReserva s; _bConferencia del Episcopado Dominicano, _c2007. |
||
| 300 |
_a426 páginas ; _c23 m. |
||
| 336 |
_2rdacontent _atexto _btxt |
||
| 337 |
_2rdamedia _asin mediación _bn |
||
| 338 |
_2rdacarrier _avolumen _bnc |
||
| 500 | _aIncluye referencias bibliográficas y notas al pie da las paginas e índices | ||
| 590 | _aInventariado, 2018/BT | ||
| 650 | 4 |
_aConferencias episcopales católicas _zRepública Dominicana _xCongresos, conferencias, etc. _946335 |
|
| 650 | 4 |
_aIglésia católica _zRepública Dominicana _xCongresos, conferencias, etc. _946313 |
|
| 650 | 4 |
_aTeología _zRepública Dominicana _xCongresos, conferencias, etc. _946312 |
|
| 700 | 1 |
_aBrea Franco, Luis O. _ecoordinación _97125 |
|
| 910 | _aValidado, Control de calidad. MFF | ||
| 942 |
_2ddc _cLBS1 |
||
| 999 |
_c47767 _d47767 |
||